Score 0/25 Timer 15:00
0 Plays Today
ALL States not sharing any letters US State % Correct
(Alabama, Alaska, Arkansas, Delaware, Kansas, Kentucky, Maryland, Nebraska, Nevada,
New Jersey, Tennessee, Texas)
Ohio
48%
Ohio (4 states possible)Arkansas or Kansas or Maryland or Nebraska
36.7%
Kentucky, Tennessee (2 states possible)Florida or Iowa
36.3%
(Connecticut, Kentucky, New Jersey, New York,
Ohio, Oregon, Tennessee, Wisconsin)
Alabama
35.7%
(Illinois, Mississippi, New Jersey, New Mexico,
New York, Oregon, Wisconsin, Wyoming)
Utah
35.7%
(Alabama, Alaska, Hawaii, Mississippi, Utah)Oregon
34.1%
(Ohio, Wyoming)Texas
32.3%
(Connecticut, New Mexico, Ohio,
Oregon, Vermont, Wyoming)
Alaska
31.9%
(Colorado, Delaware, Kentucky, Nevada,
New York, North Dakota, Oregon, Utah)
Mississippi
31.1%
(Kentucky, Oregon, Tennessee, Vermont)Hawaii
30.5%
(Alabama, Mississippi, Utah)New York
30%
(Utah)Illinois
29.9%
(Alabama, Florida, Hawaii, Idaho,
Iowa, Mississippi, Ohio)
Kentucky
29.7%
ALL States not sharing any letters US State % Correct
(Mississippi, Missouri, Ohio)Nevada
29.5%
(Alabama, Colorado, Florida, Hawaii,
Idaho, Iowa, Ohio, Oklahoma)
Tennessee
28.8%
(Alabama, Idaho, Ohio, Oklahoma, Utah)New Jersey
28.5%
(Alaska, Hawaii)Vermont
28.3%
(Mississippi, Tennessee)Colorado
27.3%
(Kentucky, New Jersey, Tennessee)Idaho
27.1%
(Alaska, Texas, Utah)Wyoming
26.8%
(Alaska, Utah)New Mexico
25.3%
(Alabama, Utah)Wisconsin
24.1%
(New Jersey, Tennessee)Oklahoma
23.5%
(Nevada)Missouri
23.4%
(Mississippi)North Dakota
22.5%
Remove Ads.
Support Sporcle.
Get the best of Sporcle when you Go Orange. This ad-free experience offers more features, more stats, and more fun while also helping to support Sporcle. Thank you for becoming a member.

You're not logged in!

Compare scores with friends on all Sporcle quizzes.
OR
Log In

Show Comments

Extras

Top Quizzes Today


Score Distribution

Your Account Isn't Verified!

In order to create a playlist on Sporcle, you need to verify the email address you used during registration. Go to your Sporcle Settings to finish the process.

Report this User

Report this user for behavior that violates our Community Guidelines.

Details: